000 00454cam a22001337a 4500
008 180718b2006 xxu||||| |||| 00| 0 eng d
082 _aAPPPA/2005-06/SAI/37
100 _aSaini, Ameeta
245 _a"Fringe benefits tax: an appraisal"
_cby Ameeta Saini
260 _aNew Delhi
_bIndian Institute of Public Administration
_c2006
300 _a98p.
500 _aAn APPPA M.Phil dissertation, 2005-06 (Guide: Dr. V.N. Alok)
650 _aFringe benefits tax
999 _c493383
_d493383